Memoria del Primer Festival político con enfoque de género /

Na minha lista:
Detalhes bibliográficos
Autor principal: Vásquez Vargas, Sofía
Formato: Texto
Idioma:Spanish
Publicado em: Friedrich Ebert Stiftung
Tags: Adicionar Tag
Sem tags, seja o primeiro a adicionar uma tag!

MARC

LEADER 00000 a a2200000 04500
001 39540
003 cru CIDCACS/IIS
005 20170908164356.0
008 170908b xxu||||| |||| 00| 0 spa d
999 |c 11537  |d 11537 
040 |c CIDCACS/IIS 
090 |a 05.03.03 V393m  
100 |a Vásquez Vargas, Sofía  
245 |a Memoria del Primer Festival político con enfoque de género /   |c Sofía Vásquez Vargas 
260 |a Friedrich Ebert Stiftung  
300 |a 67 páginas 
942 |2 ddc  |c LI